Melbourne Tram Routes - Route 75 - Statistics

General Stats
  • This quiz has been taken 2 times
  • The average score is 48 of 76
Answer Stats
Suburb Stop Answer % Correct
Burwood East 68 Benwerrin Reserve/Burwood Hwy
100%
Burwood East 70 Blackburn Rd/Burwood Hwy
100%
Hawthorn East 39 Camberwell Tram Depot/Riversdale Rd
100%
Docklands D2 Central Pier/Harbour Esp
100%
Burwood 63 Deakin University/Burwood Hwy
100%
Burwood 62 Elgar Rd/Burwood Hwy
100%
Melbourne City 4 Elizabeth St/Flinders St
100%
Docklands D6 Flinders St West/Flinders St
100%
Burwood East 72 Lakeside Dr/Burwood Hwy
100%
Melbourne City 3 Market St/Flinders St
100%
Melbourne City 2 Melbourne Aquarium/Flinders St
100%
Burwood East 67 Old Burwood Rd/Burwood Hwy
100%
Melbourne City 6 Russell St/Flinders St
100%
Melbourne City 1 Spencer St/Flinders St
100%
Melbourne City 8 Spring St/Flinders St
100%
Vermont South 73 Springvale Rd/Burwood Hwy
100%
Burwood 65 Starling St/Burwood Hwy
100%
Burwood 64 Station St/Burwood Hwy
100%
Melbourne City 5 Swanston St/Flinders St
100%
Vermont South 75 Vermont South Shopping Centre/Burwood Hwy
100%
Camberwell 58 Warrigal Rd/Burwood Hwy
100%
Hawthorn East 36 Auburn Rd/Riversdale Rd
50%
Camberwell 56 Barkly St/Toorak Rd
50%
Hawthorn 33 Berkeley St/Riversdale Rd
50%
Richmond 17 Bosisto St/Bridge Rd
50%
Camberwell 45 Bowen St/Camberwell Rd
50%
Camberwell 41 Burke Rd/Camberwell Rd
50%
Richmond 21 Burnley St/Bridge Rd
50%
Camberwell 43 Camberwell Civic Centre/Camberwell Rd
50%
Hawthorn East 40 Camberwell Junction/Riversdale Rd
50%
Camberwell 42 Camberwell Primary School/Camberwell Rd
50%
Camberwell 46 Christowel St/Camberwell Rd
50%
Richmond 18 Church St/Bridge Rd
50%
Richmond 20 Coppin St/Bridge Rd
50%
Docklands D4 Docklands Park/Harbour Esp
50%
Richmond 15 Epworth Hospital/Bridge Rd
50%
Camberwell 57 Fairview Ave/Toorak Rd
50%
Camberwell 50 Fordham Gardens/Camberwell Rd
50%
Hawthorn 31 Fordholm Rd/Riversdale Rd
50%
Hawthorn 32 Glenferrie Rd/Riversdale Rd
50%
Hawthorn East 38 Hastings Rd/Riversdale Rd
50%
Hawthorn 23 Hawthorn Bridge/Bridge Rd
50%
Hawthorn 26 Hawthorn Railway Station/Burwood Rd
50%
Camberwell 53 Highfield Rd/Toorak Rd
50%
East Melbourne 10 Jolimont Rd/Wellington Pde
50%
East Melbourne 11 Jolimont Station/MCG/Wellington Pde
50%
Burwood East 69 Keats St/Burwood Hwy
50%
Hawthorn 34 Kooyongkoot Rd/Riversdale Rd
50%
East Melbourne 9 Lansdowne St/Wellington Pde
50%
Camberwell 47 Maple Cres/Camberwell Rd
50%
Burwood 66 Middleborough Rd/Burwood Hwy
50%
Camberwell 54 Oberwyl Rd/Toorak Rd
50%
Camberwell 48 Orrong Cres/Camberwell Rd
50%
Hawthorn 27 Power St/Burwood Rd
50%
Hawthorn 29 Power St/Riversdale Rd
50%
Burwood 61 Presbyterian Ladies College/Burwood Hwy
50%
Melbourne City 14 Punt Rd/Wellington Pde
50%
Richmond 19 Richmond Town Hall/Bridge Rd
50%
Hawthorn 35 Robinson Rd/Riversdale Rd
50%
Burwood 60 Roslyn St/Burwood Hwy
50%
Burwood East 71 Sevenoaks Rd/Burwood Hwy
50%
East Melbourne 13 Simpson St/Wellington Pde
50%
Burwood 59 Somers St/Burwood Hwy
50%
Docklands D3 Stadium Precinct/Bourke St/Harbour Esp
50%
Vermont South 74 Stanley Rd/Burwood Hwy
50%
Hawthorn 25 St James Park/Burwood Rd
50%
Camberwell 52 Summerhill Rd/Toorak Rd
50%
Camberwell 55 Through Rd/Toorak Rd
50%
Hawthorn 30 Through St/Riversdale Rd
50%
Camberwell 51 Toorak Rd/Camberwell Rd
50%
Hawthorn East 37 Tooronga Rd/Riversdale Rd
50%
Camberwell 44 Trafalgar Rd/Camberwell Rd
50%
Camberwell 49 Tyrone St/Camberwell Rd
50%
Hawthorn 28 Wattle Rd/Power St
50%
Richmond 22 Yarra Bvd/Bridge Rd
50%
Docklands D5 South Wharf/Wurundjeri Way
0%
No matching quizzes found
Score Distribution
Percent of People with Each Score
Percentile by Number Answered
Your Score History
You have not taken this quiz